Countries That End in the Letter 'O' - Statistics

General Stats
  • This quiz has been taken 563 times
    510 since last reset
  • The average score is 8 of 12
Answer Stats
Countries % Correct
Togo
82%
Kosovo
78%
Lesotho
78%
Monaco
70%
Morocco
70%
Democratic Republic of the Congo
68%
Mexico
68%
Republic of the Congo
66%
Montenegro
63%
San Marino
53%
Burkina Faso
49%
Trinidad and Tobago
48%
No matching quizzes found
Score Distribution
Percent of People with Each Score
Percentile by Number Answered
Your Score History
You have not taken this quiz since the last reset